[Event "London Chess Classic: Blitz B"]
[Site "London"]
[Date "2019.12.08"]
[Round "5"]
[White "Toh, Qin Kane"]
[Black "Rahman, Asad"]
[Result "1-0"]
[WhiteElo "1606"]
[BlackElo "1923"]
[PlyCount "61"]
[EventDate "2019.12.08"]
[EventType "swiss (blitz)"]
[EventRounds "11"]
[EventCountry "ENG"]
[SourceTitle "EXT 2021"]
[Source "ChessBase"]
[SourceDate "2020.10.23"]
[SourceVersion "1"]
[SourceVersionDate "2020.10.23"]
[SourceQuality "1"]

1. d4 d5 2. c4 c6 3. Nf3 Nf6 4. e3 g6 5. Nbd2 Bg7 6. b3 0-0 7. Bd3 Nbd7 8. 0-0 Re8 9. Bb2 b6 10. Qe2 Bb7 11. Rac1 Rc8 12. cxd5 Nxd5 13. Rfd1 Nb4 14. Bb1 Ba6 15. Nc4 Nf6 16. a3 Nbd5 17. Qd2 Qc7 18. b4 Red8 19. Nce5 Qd6 20. e4 Nxe4 21. Bxe4 f6 22. Nc4 Qe6 23. Re1 Qg4 24. Bxd5+ cxd5 25. Ne3 Qh5 26. Rxc8 Rxc8 27. Rc1 Bc4 28. b5 f5 29. Nxd5 f4 30. Nxe7+ Kf7 31. Nxc8 1-0

[Event "London Classic op U1825 11th"]
[Site "London"]
[Date "2019.11.30"]
[Round "3"]
[White "Pepe, Salvatore"]
[Black "Toh, Qin Kane"]
[Result "0-1"]
[WhiteElo "1625"]
[BlackElo "1582"]
[PlyCount "72"]
[EventDate "2019.11.29"]
[EventType "swiss"]
[EventRounds "5"]
[EventCountry "ENG"]
[SourceTitle "CBM 195 Extra"]
[Source "ChessBase"]
[SourceDate "2020.05.31"]
[SourceVersion "1"]
[SourceVersionDate "2020.05.31"]
[SourceQuality "1"]

1. d4 Nf6 2. Bf4 g6 3. c3 Bg7 4. Nf3 d6 5. h3 0-0 6. Nbd2 Nbd7 7. Bg5 c5 8. e3 b6 9. Be2 Bb7 10. 0-0 Rc8 11. a4 Qc7 12. Bh4 e5 13. dxe5 dxe5 14. Ne1 Bc6 15. Bc4 Qb7 16. Qe2 Qa8 17. Ndf3 e4 18. Nh2 h5 19. Ba6 Rcd8 20. g4 Ne5 21. gxh5 Nf3+ 22. Nexf3 exf3 23. Qe1 gxh5 24. Qc1 Be4 25. Rd1 Qc6 26. Bf1 Bf5 27. c4 Kh7 28. Ra2 Rg8 29. Kh1 Qe6 30. Nxf3 Be4 31. Bg2 Bxf3 32. Rxd8 Bxg2+ 33. Kxg2 Rxd8 34. a5 Qe4+ 35. Kg3 Rg8 36. Kh2 Qxh4 0-1

[Event "BCF-chT2d 1516 (4NCL) Demotion pool"]
[Site "England"]
[Date "2016.03.20"]
[Round "8.21"]
[White "Toh, Qin Kane"]
[Black "Stepanyan, Henrik"]
[Result "1/2-1/2"]
[WhiteElo "2065"]
[BlackElo "2140"]
[PlyCount "109"]
[EventDate "2015.11.14"]
[EventType "team-tourn"]
[EventRounds "4"]
[EventCountry "ENG"]
[SourceTitle "EXT 2017"]
[Source "ChessBase"]
[SourceDate "2016.10.25"]
[SourceVersion "1"]
[SourceVersionDate "2016.10.25"]
[SourceQuality "1"]
[WhiteTeam "Cambridge II"]
[BlackTeam "Warwicks Select"]
[WhiteTeamCountry "ENG"]
[BlackTeamCountry "ENG"]

1. d4 d5 2. c4 e6 3. Nc3 Nf6 4. cxd5 exd5 5. Bg5 Be7 6. Qc2 h6 7. Bh4 0-0 8. e3 Nbd7 9. Bd3 c5 10. Nf3 c4 11. Be2 Bb4 12. 0-0 Bxc3 13. bxc3 Qa5 14. Nd2 b5 15. e4 dxe4 16. Nxe4 Nxe4 17. Qxe4 Rb8 18. Bg3 Rb6 19. Bc7 Qxc3 20. Bxb6 Nxb6 21. Rfd1 Be6 22. Qb7 Rd8 23. Qxa7 Na4 24. Qc7 Rc8 25. Qg3 Qb2 26. Bg4 Nc3 27. Re1 Rd8 28. h3 Rxd4 29. Bxe6 fxe6 30. Qe5 Rd8 31. Qxe6+ Kh8 32. Qe7 Qd2 33. Rac1 Nxa2 34. Rcd1 Qxd1 35. Rxd1 Rxd1+ 36. Kh2 Nc3 37. Qb4 Rd3 38. h4 Kh7 39. h5 Kh8 40. Qf8+ Kh7 41. f3 Nd5 42. Qc8 Ne3 43. Qc6 b4 44. Kh3 b3 45. Qb7 Nd5 46. Qb5 Ne3 47. Qe5 Kh8 48. g4 Kh7 49. Kg3 Nf1+ 50. Kf2 Nd2 51. f4 c3 52. Qf5+ Kh8 53. Qxd3 b2 54. g5 hxg5 55. Qd8+ 1/2-1/2